000 00925nam a2200265Ia 4500
003 OSt
005 20220923211257.0
006 a|||||r|||| 00| 0
007 ta
008 220922b |||||||| |||| 00| 0 pan d
020 _a9788178839684 (pbk)
_c125
024 _a349,507
037 _b175, 15/02/2019, National Book Shop
_cTextual
040 _aARTS
_cARTS
_bpan
041 _2pan
_apan
082 _aO153,1NRAx, Q5
100 _aਰਣਬੀਰ, ਰਾਣਾ, ਂਚ.
_9156363
245 0 _aਕਿਣ ਮਿਣ ਤਿੱਪ ਤਿੱਪ
260 _aਲੁਧਿਆਨਾ
_b ਚੇਤਨਾ ਪ੍ਰਕਾFਨ
_c2015
300 _a99ਪ੍ਰ0
_ccm.
650 _a ਪੰਜਾਬੀ ਕਾਵਿ
650 _aਪੰਜਾਬੀ ਸਾਹਿਤ
942 _hO153,1NRAx, Q5
_cTEXL
_2CC
999 _c298062
_d298062